000 00673nam a2200205Ia 4500
999 _c4460
_d4460
003 OSt
005 20200616184717.0
008 191128s9999 xx 000 0 und d
040 _aCO-JMCR
_cCO-JMCR
041 _aspa
082 0 4 _aH /
_bPERs
100 _aPérez, George,
_eautor
_95663
245 1 0 _aSuperman :
_b¡prepárate para ser eliminado, superman! /
_cGeorge Pérez, Jesús Merino, Nicola Scott
260 _aBogotá :
_bPlaneta Comic,
_c2012
300 _a48 páginas :
_bilustraciones a color ;
_c 26 cm.
500 _aRecomendado para mayores de 13 años.
650 _aTiras cómicas
_95616
700 _aMerino, Jesús,
_eautor
_95664
942 _2ddc
_cBK